000 00270nam a22001217a 4500
008 171102b xxu||||| |||| 00| 0 eng d
041 _aeng
080 _210 ED
_a339.138
100 _a60
101 _aMAR
245 _aCONTEMPORARY MARKETING
_cKURT.B
942 _2udc
_cBK
999 _c37396
_d37396